| 000 | 00868nam a2200217 a 4500 | ||
|---|---|---|---|
| 008 | 060316s1995 ||||||||||||||||| || u | ||
| 020 | _a0273616102 | ||
| 050 | _aSB 481 Wel | ||
| 100 | _aWelch, David, 1936- | ||
| 245 | 1 | 0 | _aManaging public use of parks, open spaces, and countryside |
| 260 |
_aLondon : _bPitman _c1995 |
||
| 300 | _avii, 146 p. | ||
| 350 | _a0.00 | ||
| 490 | _aLeisure management series | ||
| 500 | _aIncludes bibliography | ||
| 650 | _aRECREATION AREAS - PUBLIC USE - GREAT BRITAIN - MANAGEMENT | ||
| 650 | _aOPEN SPACES - GREAT BRITAIN - MANAGEMENT | ||
| 650 | _aPARKS - GREAT BRITAIN - MANAGEMENT | ||
| 710 | _aInstitute of Leisure & Amenity Management (Great Britain) | ||
| 995 |
_FCBU-MAIN LIBRARY (Kitwe) _I0.00 _M1 _UAVAILABLE _WMar 19, 2013 _ZMain Library Open Access Collection |
||
| 999 |
_c50206 _d50206 |
||